[Event "Montreal Mercredi 11"]
[Site "Montreal CAN"]
[Date "2017.12.06"]
[Round "4"]
[White "Gates, Claude-Eric"]
[Black "Brassard, Sylvain"]
[Result "1/2-1/2"]
[WhiteElo "1787"]
[BlackElo "1785"]
[WhiteFideId "-1"]
[WhiteFideId "-1"]
[PlyCount "47"]
[GameId "2160767908308932"]
[EventDate "2017.11.15"]
[EventType "swiss"]
[EventRounds "5"]
[EventCountry "CAN"]
[SourceTitle "EXT 2022"]
[Source "ChessBase"]
[SourceDate "2021.10.06"]
[SourceVersion "1"]
[SourceVersionDate "2021.10.06"]
[SourceQuality "1"]

1. d4 d5 2. Bf4 Nf6 3. e3 Bf5 4. c4 c6 5. Qb3 Qb6 6. c5 Qxb3 7. axb3 Bxb1 8. Rxb1 Nbd7 9. Ra1 a6 10. b4 Rc8 11. h3 g6 12. Bd3 Bg7 13. Nf3 O-O 14. Ne5 Nxe5 15. Bxe5 Nd7 16. Bxg7 Kxg7 17. Kd2 e5 18. Ra3 f5 19. f4 exf4 20. exf4 Nf6 21. Re1 Ne4+ 22. Bxe4 dxe4 23. Ke3 h5 24. h4 1/2-1/2

[Event "Montreal Mercredi 11"]
[Site "Montreal CAN"]
[Date "2017.12.06"]
[Round "4"]
[White "Jacquet, Stephane"]
[Black "Chang, Alexander"]
[Result "1/2-1/2"]
[WhiteElo "1912"]
[BlackElo "1916"]
[WhiteFideId "-1"]
[WhiteFideId "-1"]
[PlyCount "119"]
[GameId "2160767908308933"]
[EventDate "2017.11.15"]
[EventType "swiss"]
[EventRounds "5"]
[EventCountry "CAN"]
[SourceTitle "EXT 2022"]
[Source "ChessBase"]
[SourceDate "2021.10.06"]
[SourceVersion "1"]
[SourceVersionDate "2021.10.06"]
[SourceQuality "1"]

1. d4 d5 2. c4 e6 3. Nc3 Nf6 4. cxd5 exd5 5. Bg5 c6 6. Qc2 Bd6 7. Bxf6 Qxf6 8. Nxd5 Qxd4 9. Rd1 Bb4+ 10. Nxb4 Qxb4+ 11. Rd2 O-O 12. e3 Be6 13. Bd3 h6 14. b3 Nd7 15. Nf3 a5 16. O-O a4 17. Nd4 Bd5 18. e4 c5 19. exd5 cxd4 20. bxa4 Rfc8 21. Qb2 Qxb2 22. Rxb2 Nc5 23. Bb5 Rd8 24. Rd1 Rxd5 25. Rbd2 Nxa4 26. Bc4 Rc5 27. Rxd4 Rxc4 28. Rxc4 Nb2 29. Rdc1 Nxc4 30. Rxc4 Rxa2 31. g3 Rb2 32. Rc8+ Kh7 33. Kg2 g5 34. h3 Kg6 35. Kf3 b5 36. Rc6+ f6 37. Rb6 h5 38. Rb8 Kf5 39. g4+ hxg4+ 40. hxg4+ Ke5 41. Re8+ Kd5 42. Rf8 Rb3+ 43. Ke2 Ke5 44. Re8+ Kf4 45. Rf8 Rb2+ 46. Ke1 Kxg4 47. Rxf6 b4 48. Rb6 b3 49. Rb5 Kf4 50. Rb8 g4 51. Rb7 Kf3 52. Rf7+ Kg2 53. Rf4 g3 54. fxg3 Kxg3 55. Rb4 Kf3 56. Kd1 Ke3 57. Kc1 Rc2+ 58. Kb1 Rc3 59. Kb2 Kd3 60. Rxb3 1/2-1/2

[Event "Montreal Mercredi 11"]
[Site "Montreal CAN"]
[Date "2017.12.06"]
[Round "4"]
[White "Jia, Zhe"]
[Black "Jean, Robert"]
[Result "1-0"]
[WhiteElo "1805"]
[BlackElo "1784"]
[WhiteFideId "-1"]
[WhiteFideId "-1"]
[PlyCount "69"]
[GameId "2160767908308934"]
[EventDate "2017.11.15"]
[EventType "swiss"]
[EventRounds "5"]
[EventCountry "CAN"]
[SourceTitle "EXT 2022"]
[Source "ChessBase"]
[SourceDate "2021.10.06"]
[SourceVersion "1"]
[SourceVersionDate "2021.10.06"]
[SourceQuality "1"]

1. Nf3 d5 2. c4 d4 3. b4 f6 4. d3 e5 5. Qb3 Be6 6. g3 g5 7. Bg2 Qc8 8. h4 g4 9. Nfd2 Nd7 10. a4 Ne7 11. Ba3 f5 12. e3 dxe3 13. fxe3 Bh6 14. d4 f4 15. exf4 exf4 16. gxf4 Bxf4 17. O-O Bh6 18. Bb2 Rf8 19. Ne4 Rxf1+ 20. Kxf1 Nf5 21. d5 Bg8 22. Nbd2 Nxh4 23. Re1 Kf8 24. Qg3 Ng6 25. Re2 Bf7 26. Rf2 Bg7 27. Ng5 Bxb2 28. Rxf7+ Kg8 29. Nde4 h6 30. Qh2 Bg7 31. Rxg7+ Kxg7 32. Ne6+ Kf7 33. Qxh6 Ndf8 34. Qg7+ Ke8 35. Nf6# 1-0

[Event "Montreal Mercredi 11"]
[Site "Montreal CAN"]
[Date "2017.12.06"]
[Round "4"]
[White "Langlois-Remillard, Alexis"]
[Black "Lebeau, Gilbert"]
[Result "1-0"]
[WhiteElo "2031"]
[BlackElo "1986"]
[WhiteFideId "-1"]
[WhiteFideId "-1"]
[PlyCount "87"]
[GameId "2160767908308935"]
[EventDate "2017.11.15"]
[EventType "swiss"]
[EventRounds "5"]
[EventCountry "CAN"]
[SourceTitle "EXT 2022"]
[Source "ChessBase"]
[SourceDate "2021.10.06"]
[SourceVersion "1"]
[SourceVersionDate "2021.10.06"]
[SourceQuality "1"]

1. b3 d5 2. Bb2 Bf5 3. Nf3 e6 4. e3 Nf6 5. Be2 h6 6. c4 c6 7. O-O Be7 8. Nc3 O-O 9. Rc1 Nbd7 10. cxd5 exd5 11. a3 a5 12. Nd4 Bh7 13. f4 Re8 14. g4 Bd6 15. Qe1 Nc5 16. h4 Nd3 17. Bxd3 Bxd3 18. g5 Nh5 19. Qd1 g6 20. Rf2 Qd7 21. Rg2 Kh7 22. Nf3 Nxf4 23. exf4 Bc5+ 24. Kh2 Qf5 25. gxh6 Qxf4+ 26. Kh1 Bd6 27. Ng5+ Kxh6 28. Qg4 Qf6 29. Nce4 Rxe4 30. Bxf6 Rxg4 31. Rxg4 Bxa3 32. Rc3 Bf5 33. Nxf7+ Kh7 34. Rg5 Be4+ 35. Kh2 Rf8 36. h5 Bf5 37. hxg6+ Bxg6 38. Rh3+ Kg8 39. Nh6+ Kh7 40. Ng4+ Kg8 41. Rxg6+ Kf7 42. Ne5+ Ke8 43. Rh7 Bd6 44. Rh8 1-0

[Event "Montreal Mercredi 11"]
[Site "Montreal CAN"]
[Date "2017.12.06"]
[Round "4"]
[White "Leveille, Francois"]
[Black "Lopez Linares, Lizandro"]
[Result "1/2-1/2"]
[WhiteElo "2275"]
[BlackElo "2184"]
[WhiteFideId "-1"]
[WhiteFideId "-1"]
[PlyCount "88"]
[GameId "2160767908308936"]
[EventDate "2017.11.15"]
[EventType "swiss"]
[EventRounds "5"]
[EventCountry "CAN"]
[SourceTitle "EXT 2022"]
[Source "ChessBase"]
[SourceDate "2021.10.06"]
[SourceVersion "1"]
[SourceVersionDate "2021.10.06"]
[SourceQuality "1"]

1. e4 d5 2. exd5 Qxd5 3. Nc3 Qa5 4. d4 c6 5. Nf3 Nf6 6. Bc4 Bf5 7. Ne5 e6 8. g4 Bg6 9. h4 Nbd7 10. Nxd7 Kxd7 11. h5 Be4 12. O-O Bd5 13. Nxd5 cxd5 14. Bd3 h6 15. Bf4 Bd6 16. Be5 Ke7 17. Re1 Qb6 18. Qf3 Rad8 19. a4 a6 20. c4 dxc4 21. Bxc4 Qb4 22. b3 Bxe5 23. dxe5 Nd5 24. Kg2 Rd7 25. Re4 Qd2 26. Kg3 Qc3 27. Rd1 Qxf3+ 28. Kxf3 Nb6 29. Rxd7+ Nxd7 30. Ke3 Rb8 31. f4 b5 32. axb5 axb5 33. Be2 Nb6 34. Rd4 f6 35. Ke4 fxe5 36. fxe5 Nd5 37. Kd3 Rc8 38. Kd2 Rc5 39. b4 Rc8 40. Bxb5 Rb8 41. Bc6 Nxb4 42. Rd7+ Kf8 43. Bb7 Nd5 44. Kd3 Ne7 1/2-1/2

[Event "Montreal Mercredi 11"]
[Site "Montreal CAN"]
[Date "2017.12.06"]
[Round "4"]
[White "Millette, Sylvain"]
[Black "Nardone, Raul"]
[Result "1/2-1/2"]
[WhiteElo "1738"]
[BlackElo "1768"]
[WhiteFideId "-1"]
[WhiteFideId "-1"]
[PlyCount "150"]
[GameId "2160767908308937"]
[EventDate "2017.11.15"]
[EventType "swiss"]
[EventRounds "5"]
[EventCountry "CAN"]
[SourceTitle "EXT 2022"]
[Source "ChessBase"]
[SourceDate "2021.10.06"]
[SourceVersion "1"]
[SourceVersionDate "2021.10.06"]
[SourceQuality "1"]

1. Nf3 d5 2. g3 c6 3. Bg2 Bg4 4. d4 e6 5. O-O Nd7 6. c3 Be7 7. Bf4 Ngf6 8. Nbd2 O-O 9. Bg5 h6 10. Bxf6 Nxf6 11. Ne5 Bf5 12. f3 Nd7 13. Nxd7 Qxd7 14. e4 Bg6 15. b4 a5 16. a3 Ra7 17. Nb3 axb4 18. axb4 Rfa8 19. Rxa7 Rxa7 20. Qc2 b6 21. f4 Bxe4 22. Bxe4 dxe4 23. Qxe4 Ra3 24. Rb1 Qd5 25. Qxd5 cxd5 26. Rb2 g5 27. fxg5 Bxg5 28. Kf2 Kg7 29. Ke2 Kg6 30. Kd3 h5 31. Nd2 f6 32. Nf3 Bh6 33. Re2 Kf7 34. Rf2 Ke7 35. Nh4 Bg7 36. Ng6+ Kd6 37. Nf4 e5 38. dxe5+ fxe5 39. Ne2 Ke6 40. Kc2 Ra2+ 41. Kb1 Ra7 42. Kc1 Rf7 43. Rxf7 Kxf7 44. Kd2 Ke6 45. h3 b5 46. Ke3 Kf5 47. Kd3 Bh6 48. Ng1 Bg7 49. Ne2 Bf8 50. Ke3 Bd6 51. Kd3 Bc7 52. Nc1 Bb6 53. Ke2 Ke6 54. Nd3 d4 55. cxd4 Bxd4 56. g4 hxg4 57. hxg4 Bc3 58. Nc5+ Kd5 59. Kd3 Bxb4 60. Ne4 Bf8 61. Nc3+ Kc6 62. g5 b4 63. Ne4 Kd7 64. Kc4 Ke6 65. Nf6 Be7 66. Ne4 b3 67. Nc3 b2 68. Kb3 Bc5 69. Kc2 Bd4 70. Nb5 Kf5 71. Nxd4+ exd4 72. g6 Kxg6 73. Kxb2 Kf5 74. Kc2 Kf4 75. Kd2 d3 1/2-1/2

[Event "Montreal Mercredi 11"]
[Site "Montreal CAN"]
[Date "2017.12.06"]
[Round "4"]
[White "Nesterov, Timour"]
[Black "Guipi Bopala, Prince Eric jr"]
[Result "0-1"]
[WhiteElo "1903"]
[BlackElo "1863"]
[WhiteFideId "-1"]
[WhiteFideId "-1"]
[PlyCount "64"]
[GameId "2160767908308938"]
[EventDate "2017.11.15"]
[EventType "swiss"]
[EventRounds "5"]
[EventCountry "CAN"]
[SourceTitle "EXT 2022"]
[Source "ChessBase"]
[SourceDate "2021.10.06"]
[SourceVersion "1"]
[SourceVersionDate "2021.10.06"]
[SourceQuality "1"]

1. d4 f5 2. Bf4 Nf6 3. e3 e6 4. Nf3 d5 5. Nbd2 Be7 6. Bd3 O-O 7. Ne5 Nbd7 8. Qe2 Nxe5 9. Bxe5 Bd7 10. Nf3 a6 11. O-O Be8 12. Ng5 Qd7 13. f3 Bh5 14. Nh3 Bd6 15. Qf2 Bxe5 16. dxe5 Ne8 17. Qh4 Bf7 18. g4 c5 19. c3 b5 20. Rad1 Qc8 21. e4 fxe4 22. fxe4 c4 23. Ng5 Bg6 24. Rxf8+ Kxf8 25. Qf2+ Kg8 26. Bc2 Nc7 27. exd5 exd5 28. Bxg6 Qxg4+ 29. Qg3 Qxd1+ 30. Kg2 hxg6 31. Qh4 Qe2+ 32. Kg1 Qh5 0-1

[Event "Montreal Mercredi 11"]
[Site "Montreal CAN"]
[Date "2017.12.06"]
[Round "4"]
[White "O'Connor, Michael"]
[Black "Beaulieu, Pierre"]
[Result "0-1"]
[WhiteElo "1822"]
[BlackElo "1831"]
[WhiteFideId "-1"]
[WhiteFideId "-1"]
[PlyCount "66"]
[GameId "2160767908308939"]
[EventDate "2017.11.15"]
[EventType "swiss"]
[EventRounds "5"]
[EventCountry "CAN"]
[SourceTitle "EXT 2022"]
[Source "ChessBase"]
[SourceDate "2021.10.06"]
[SourceVersion "1"]
[SourceVersionDate "2021.10.06"]
[SourceQuality "1"]

1. d4 Nf6 2. Nf3 g6 3. c4 c5 4. d5 b5 5. cxb5 a6 6. Nc3 d6 7. e4 Nbd7 8. h3 Bg7 9. Be3 O-O 10. Qd2 axb5 11. Bxb5 Qa5 12. Be2 Rb8 13. Rb1 Ba6 14. Bxa6 Qxa6 15. Qe2 Qa5 16. O-O Rb7 17. Rfc1 Rfb8 18. Qc2 Ne8 19. Bg5 Nb6 20. Nd2 Qa6 21. Be3 Bd4 22. Nd1 Qe2 23. Nb3 Qxc2 24. Rxc2 Bxe3 25. Nxe3 Ra8 26. Nc1 Ra4 27. f3 Nc7 28. b3 Rd4 29. Rbb2 Nb5 30. Kf2 Na3 31. Rc3 Na4 32. Rd3 Nxb2 33. Rc3 Nd1+ 0-1

[Event "Montreal Mercredi 11"]
[Site "Montreal CAN"]
[Date "2017.12.06"]
[Round "4"]
[White "Pomerantz, Daniel"]
[Black "Barko, Maxim"]
[Result "1-0"]
[WhiteElo "2053"]
[BlackElo "1960"]
[WhiteFideId "-1"]
[WhiteFideId "-1"]
[PlyCount "57"]
[GameId "2160767908308940"]
[EventDate "2017.11.15"]
[EventType "swiss"]
[EventRounds "5"]
[EventCountry "CAN"]
[SourceTitle "EXT 2022"]
[Source "ChessBase"]
[SourceDate "2021.10.06"]
[SourceVersion "1"]
[SourceVersionDate "2021.10.06"]
[SourceQuality "1"]

1. e4 c5 2. Nf3 Nc6 3. d4 cxd4 4. Nxd4 Nf6 5. Nc3 e5 6. Ndb5 d6 7. Bg5 a6 8. Na3 b5 9. Nd5 Be7 10. Bxf6 Bxf6 11. c4 Bg5 12. cxb5 Nd4 13. b6 O-O 14. Bc4 Bb7 15. O-O Kh8 16. Qd3 f5 17. exf5 Rxf5 18. Nc2 Rf4 19. Nxf4 Nf3+ 20. Kh1 Bxf4 21. Bd5 Bxd5 22. Qxd5 Nxh2 23. g3 Ng4 24. Kg2 Bh6 25. Rad1 Rc8 26. Qxd6 Qe8 27. b7 Rb8 28. Qd7 Qf8 29. Qxg4 1-0

[Event "Montreal Mercredi 11"]
[Site "Montreal CAN"]
[Date "2017.12.06"]
[Round "4"]
[White "Saha, Ananda"]
[Black "Soudre, Nicolas"]
[Result "0-1"]
[WhiteElo "2191"]
[BlackElo "2237"]
[WhiteFideId "-1"]
[WhiteFideId "-1"]
[PlyCount "78"]
[GameId "2160767908308941"]
[EventDate "2017.11.15"]
[EventType "swiss"]
[EventRounds "5"]
[EventCountry "CAN"]
[SourceTitle "EXT 2022"]
[Source "ChessBase"]
[SourceDate "2021.10.06"]
[SourceVersion "1"]
[SourceVersionDate "2021.10.06"]
[SourceQuality "1"]

1. Nf3 e6 2. g3 b5 3. Bg2 Bb7 4. O-O Nf6 5. d3 Be7 6. e4 d6 7. Be3 O-O 8. Nbd2 Ng4 9. Bf4 e5 10. Be3 c5 11. Qe2 Nc6 12. h3 Nxe3 13. fxe3 Ba6 14. a3 Rb8 15. Qf2 b4 16. a4 b3 17. c4 Nb4 18. Ne1 Qd7 19. Ra3 Nc6 20. Nef3 Na5 21. g4 Rb4 22. Rfa1 Bb7 23. Nb1 Bc6 24. Nc3 Qd8 25. h4 Bd7 26. Qg3 Rb7 27. Nd5 Nc6 28. g5 Be6 29. Bh3 Qc8 30. Bxe6 fxe6 31. Nxe7+ Nxe7 32. Nd2 Nc6 33. Rxb3 Rxb3 34. Nxb3 Qb7 35. Ra3 Nb4 36. Nd2 Qf7 37. Kg2 Qh5 38. Nf3 Nc2 39. Rb3 Rxf3 0-1

[Event "Montreal Mercredi 11"]
[Site "Montreal CAN"]
[Date "2017.12.06"]
[Round "4"]
[White "Zheng, Richard"]
[Black "Have, Didier"]
[Result "1-0"]
[WhiteElo "2080"]
[BlackElo "2096"]
[WhiteFideId "-1"]
[WhiteFideId "-1"]
[PlyCount "113"]
[GameId "2160767908308942"]
[EventDate "2017.11.15"]
[EventType "swiss"]
[EventRounds "5"]
[EventCountry "CAN"]
[SourceTitle "EXT 2022"]
[Source "ChessBase"]
[SourceDate "2021.10.06"]
[SourceVersion "1"]
[SourceVersionDate "2021.10.06"]
[SourceQuality "1"]

1. d4 d5 2. c4 e6 3. Nc3 f5 4. Bf4 c6 5. Nf3 Nf6 6. e3 Be7 7. Bd3 O-O 8. O-O Ne4 9. h3 g5 10. Bh2 Bd7 11. Ne5 Be8 12. f3 Nd6 13. c5 Nf7 14. b4 Nd7 15. Nxd7 Qxd7 16. Qc2 Nh8 17. Rab1 Ng6 18. f4 h5 19. b5 g4 20. hxg4 hxg4 21. g3 Qd8 22. b6 a6 23. Kg2 Kg7 24. Bg1 Rh8 25. Bf2 Bf7 26. Rh1 Qd7 27. a4 Bf6 28. a5 Qe7 29. Rbg1 Qd7 30. Na2 Rag8 31. Qb1 Qe8 32. Rxh8 Rxh8 33. Rh1 Rxh1 34. Qxh1 Qb8 35. Nb4 Nf8 36. Qf1 Nd7 37. Bxa6 bxa6 38. Qxa6 Qh8 39. Kg1 Nb8 40. Qf1 Nd7 41. Nxc6 e5 42. fxe5 Bxe5 43. Nxe5 Nxe5 44. dxe5 d4 45. e4 Qa8 46. Qe1 fxe4 47. Bxd4 Qd5 48. Qe3 Be6 49. a6 Qa2 50. a7 Bc4 51. e6+ Kh7 52. Qxe4+ Kh6 53. Qf4+ Kh5 54. Qf5+ Kh6 55. Be3+ Kg7 56. Qf7+ Kh8 57. Bd4# 1-0

[Event "Montreal Mercredi 11"]
[Site "Montreal CAN"]
[Date "2017.12.08"]
[Round "5"]
[White "Have, Didier"]
[Black "Leveille, Francois"]
[Result "0-1"]
[WhiteElo "2096"]
[BlackElo "2275"]
[WhiteFideId "-1"]
[WhiteFideId "-1"]
[PlyCount "114"]
[GameId "2160767908308943"]
[EventDate "2017.11.15"]
[EventType "swiss"]
[EventRounds "5"]
[EventCountry "CAN"]
[SourceTitle "EXT 2022"]
[Source "ChessBase"]
[SourceDate "2021.10.06"]
[SourceVersion "1"]
[SourceVersionDate "2021.10.06"]
[SourceQuality "1"]

1. d4 g6 2. Bf4 Bg7 3. Nc3 d6 4. e4 a6 5. Nf3 b5 6. Bd3 Nd7 7. e5 dxe5 8. Nxe5 Bb7 9. Be4 Bxe4 10. Nxe4 Ndf6 11. Nxf7 Qd5 12. Nxf6+ Nxf6 13. Nxh8 Qe4+ 14. Be3 Qxg2 15. Rf1 Ng4 16. Ke2 Nxe3 17. Kxe3 Bxh8 18. c3 c5 19. d5 Rd8 20. Rg1 Qxh2 21. Qf3 Qe5+ 22. Qe4 Rxd5 23. Rad1 Qxe4+ 24. Kxe4 Re5+ 25. Kf3 Bf6 26. Rg4 Kf7 27. Re4 Rf5+ 28. Kg3 Be5+ 29. Kg2 Bd6 30. f3 h5 31. Rh1 Rd5 32. Re2 Bf4 33. Kf2 Kf6 34. a4 e5 35. axb5 axb5 36. Ree1 Rd2+ 37. Re2 Rd6 38. Ree1 Rd2+ 39. Re2 Bg3+ 40. Ke3 Rd6 41. b3 c4 42. bxc4 bxc4 43. Rc2 h4 44. Ke2 Kf5 45. Kf1 Rd3 46. Kg2 Kf4 47. Rf1 g5 48. Rcc1 Rd2+ 49. Kh1 h3 50. Rcd1 Rc2 51. Rc1 Rxc1 52. Rxc1 Kxf3 53. Rf1+ Bf2 54. Kh2 g4 55. Kh1 g3 56. Rd1 g2+ 57. Kh2 g1=Q+ 0-1

[Event "Montreal Mercredi 11"]
[Site "Montreal CAN"]
[Date "2017.12.13"]
[Round "5"]
[White "Barko, Maxim"]
[Black "Langlois-Remillard, Alexis"]
[Result "0-1"]
[WhiteElo "1960"]
[BlackElo "2031"]
[WhiteFideId "-1"]
[WhiteFideId "-1"]
[PlyCount "58"]
[GameId "2160767908308944"]
[EventDate "2017.11.15"]
[EventType "swiss"]
[EventRounds "5"]
[EventCountry "CAN"]
[SourceTitle "EXT 2022"]
[Source "ChessBase"]
[SourceDate "2021.10.06"]
[SourceVersion "1"]
[SourceVersionDate "2021.10.06"]
[SourceQuality "1"]

1. e4 e6 2. d3 d5 3. Nd2 Nf6 4. g3 Bc5 5. Bg2 dxe4 6. Nxe4 Nxe4 7. Bxe4 c6 8. c3 e5 9. Qe2 f5 10. Bg2 O-O 11. Bd2 Nd7 12. O-O-O Qa5 13. Kb1 Qb6 14. f4 e4 15. dxe4 fxe4 16. Bxe4 Nf6 17. Bc2 Re8 18. Bb3+ Kh8 19. Qg2 Bf5+ 20. Ka1 a5 21. Nf3 a4 22. Bf7 Re7 23. Ne5 a3 24. b3 Bd4 25. Rhe1 Rd8 26. Qf1 Ne4 27. Rxe4 Bxe4 28. Re1 Bxe5 29. Be3 Bxc3# 0-1

[Event "Montreal Mercredi 11"]
[Site "Montreal CAN"]
[Date "2017.12.13"]
[Round "5"]
[White "Beaulieu, Pierre"]
[Black "Baran, Marius"]
[Result "1-0"]
[WhiteElo "1831"]
[BlackElo "1903"]
[WhiteFideId "-1"]
[WhiteFideId "-1"]
[PlyCount "81"]
[GameId "2160767908308945"]
[EventDate "2017.11.15"]
[EventType "swiss"]
[EventRounds "5"]
[EventCountry "CAN"]
[SourceTitle "EXT 2022"]
[Source "ChessBase"]
[SourceDate "2021.10.06"]
[SourceVersion "1"]
[SourceVersionDate "2021.10.06"]
[SourceQuality "1"]

1. Nf3 d5 2. e3 Bf5 3. b3 Nf6 4. Bb2 Nbd7 5. c4 e6 6. Be2 Bd6 7. Nc3 c6 8. cxd5 exd5 9. O-O O-O 10. Nd4 Bg6 11. f4 h6 12. Rf3 Qe7 13. Qf1 Ba3 14. Bxa3 Qxa3 15. Bd3 Ne4 16. Bxe4 Bxe4 17. Nxe4 dxe4 18. Rg3 Qa5 19. Qc4 Nb6 20. Qc2 Qd5 21. Qb2 f6 22. Rf1 c5 23. Nb5 Rad8 24. Rf2 a6 25. Nc3 Qd3 26. f5 Rf7 27. Rg4 Re8 28. Rff4 Nd5 29. Rxe4 Rd8 30. Na4 b6 31. Re6 Qxf5 32. Rge4 Qh5 33. Qc2 Rfd7 34. h3 Nb4 35. Qc4 Kh7 36. Nxb6 Qd1+ 37. Kh2 Qxd2 38. Nxd7 Rxd7 39. Re8 Nd3 40. Rg4 Ne5 41. Qg8# 1-0

[Event "Montreal Mercredi 11"]
[Site "Montreal CAN"]
[Date "2017.12.13"]
[Round "5"]
[White "Chang, Alexander"]
[Black "Pomerantz, Daniel"]
[Result "0-1"]
[WhiteElo "1916"]
[BlackElo "2053"]
[WhiteFideId "-1"]
[WhiteFideId "-1"]
[PlyCount "98"]
[GameId "2160767908308946"]
[EventDate "2017.11.15"]
[EventType "swiss"]
[EventRounds "5"]
[EventCountry "CAN"]
[SourceTitle "EXT 2022"]
[Source "ChessBase"]
[SourceDate "2021.10.06"]
[SourceVersion "1"]
[SourceVersionDate "2021.10.06"]
[SourceQuality "1"]

1. e4 c5 2. Nf3 e6 3. d4 cxd4 4. Nxd4 Nc6 5. Nxc6 bxc6 6. Bd3 d5 7. O-O Nf6 8. Nd2 Qc7 9. b3 Bd6 10. h3 Bh2+ 11. Kh1 Be5 12. Rb1 O-O 13. c4 Rd8 14. Qc2 a5 15. Bb2 Bxb2 16. Rxb2 d4 17. Nf3 e5 18. a4 c5 19. Ng1 Nh5 20. Ne2 Qe7 21. Kh2 Ra6 22. Ng3 Nf4 23. Rd1 Qg5 24. f3 Rg6 25. Qf2 Nxd3 26. Rxd3 Qf4 27. Rb1 Be6 28. Re1 h5 29. Qd2 Qxg3+ 30. Kh1 Ra8 31. Qe2 Ra6 32. Qd2 Qg5 33. Qxg5 Rxg5 34. g4 hxg4 35. hxg4 Rg6 36. Kh2 Rb6 37. Re2 Rh6+ 38. Kg2 Bd7 39. Re1 Rb4 40. Rh1 Rxh1 41. Kxh1 Bxa4 42. bxa4 Rxa4 43. Kg2 Rxc4 44. Kf2 Rc2+ 45. Ke1 Rc3 46. Rxc3 dxc3 47. Kd1 Kf8 48. Kc2 Ke7 49. Kxc3 Kd6 0-1

[Event "Montreal Mercredi 11"]
[Site "Montreal CAN"]
[Date "2017.12.13"]
[Round "5"]
[White "Guipi Bopala, Prince Eric jr"]
[Black "O'Connor, Michael"]
[Result "0-1"]
[WhiteElo "1863"]
[BlackElo "1822"]
[WhiteFideId "-1"]
[WhiteFideId "-1"]
[PlyCount "76"]
[GameId "2160767908308947"]
[EventDate "2017.11.15"]
[EventType "swiss"]
[EventRounds "5"]
[EventCountry "CAN"]
[SourceTitle "EXT 2022"]
[Source "ChessBase"]
[SourceDate "2021.10.06"]
[SourceVersion "1"]
[SourceVersionDate "2021.10.06"]
[SourceQuality "1"]

1. e4 e5 2. Nf3 Nc6 3. Bc4 Nf6 4. d3 Bc5 5. O-O d6 6. c3 Bb6 7. Bb3 h6 8. Nbd2 a6 9. h3 O-O 10. Re1 Be6 11. Bc2 Nh7 12. Nf1 f5 13. Be3 Bxe3 14. Nxe3 f4 15. Nf1 Kh8 16. d4 Bd7 17. Qd2 Qe7 18. Rad1 Rad8 19. Qc1 g5 20. dxe5 dxe5 21. N1h2 h5 22. b3 Rg8 23. Qb2 g4 24. hxg4 hxg4 25. Nd2 Rg5 26. b4 Rh5 27. g3 Ng5 28. Kg2 Rxh2+ 29. Kxh2 Qh7+ 30. Kg1 f3 31. Nc4 Qh3 32. Ne3 Kg7 33. Qb3 Rh8 34. Rxd7+ Kg6 35. Rg7+ Kxg7 36. Nf5+ Kf6 37. Nh4 Rxh4 38. gxh4 Qg2# 0-1

[Event "Montreal Mercredi 11"]
[Site "Montreal CAN"]
[Date "2017.12.13"]
[Round "5"]
[White "Jean, Robert"]
[Black "Gates, Claude-Eric"]
[Result "1/2-1/2"]
[WhiteElo "1784"]
[BlackElo "1787"]
[WhiteFideId "-1"]
[WhiteFideId "-1"]
[PlyCount "118"]
[GameId "2160767908308948"]
[EventDate "2017.11.15"]
[EventType "swiss"]
[EventRounds "5"]
[EventCountry "CAN"]
[SourceTitle "EXT 2022"]
[Source "ChessBase"]
[SourceDate "2021.10.06"]
[SourceVersion "1"]
[SourceVersionDate "2021.10.06"]
[SourceQuality "1"]

1. d4 Nf6 2. c4 e5 3. dxe5 Ng4 4. Nf3 Bc5 5. e3 Nc6 6. Nc3 O-O 7. a3 a5 8. b3 Re8 9. Nd5 Ncxe5 10. Nxe5 Nxe5 11. f4 Ng6 12. Bd3 c6 13. Bxg6 hxg6 14. Nc3 Bxe3 15. Bxe3 Rxe3+ 16. Kd2 Re6 17. Kc2 Qf6 18. g3 d6 19. Qd2 Bd7 20. Rae1 Rae8 21. Kb1 Qf5+ 22. Kb2 b5 23. cxb5 cxb5 24. b4 axb4 25. axb4 Qf6 26. Rxe6 Bxe6 27. Rd1 Rc8 28. Qd4 Rc4 29. Qxf6 Rxb4+ 30. Kc2 gxf6 31. Rxd6 Bf5+ 32. Kc1 Rc4 33. Kb2 Kg7 34. Rd2 Be6 35. Nd1 g5 36. fxg5 fxg5 37. Ne3 Re4 38. Nc2 Kg6 39. Nd4 Bc4 40. Kc3 Kh5 41. Kb4 Re5 42. Rf2 Kg6 43. Nc6 Re2 44. Rxe2 Bxe2 45. Nd4 Bf1 46. Nxb5 Bxb5 47. Kxb5 g4 48. Kc4 Kf5 49. Kd4 Ke6 50. Ke4 f5+ 51. Kd4 Kd6 52. Kd3 Kd5 53. Ke3 Ke5 54. Kf2 Ke4 55. Kg2 Ke3 56. h4 gxh3+ 57. Kxh3 Ke4 58. Kh4 Ke5 59. Kg5 Ke6 1/2-1/2

[Event "Montreal Mercredi 11"]
[Site "Montreal CAN"]
[Date "2017.12.13"]
[Round "5"]
[White "Lamarche, Michel"]
[Black "Nesterov, Timour"]
[Result "0-1"]
[WhiteElo "1861"]
[BlackElo "1903"]
[WhiteFideId "-1"]
[WhiteFideId "-1"]
[PlyCount "138"]
[GameId "2160767908308949"]
[EventDate "2017.11.15"]
[EventType "swiss"]
[EventRounds "5"]
[EventCountry "CAN"]
[SourceTitle "EXT 2022"]
[Source "ChessBase"]
[SourceDate "2021.10.06"]
[SourceVersion "1"]
[SourceVersionDate "2021.10.06"]
[SourceQuality "1"]

1. e4 e6 2. d4 d5 3. Nc3 Nf6 4. e5 Nfd7 5. f4 c5 6. Nf3 Nc6 7. Be3 cxd4 8. Nxd4 Bc5 9. Qd2 a6 10. Nce2 Qc7 11. Nxc6 bxc6 12. Bxc5 Nxc5 13. Nc3 O-O 14. Bd3 Qb6 15. Nd1 a5 16. Qe3 Nxd3+ 17. cxd3 c5 18. O-O Bb7 19. b3 a4 20. Rb1 axb3 21. Rxb3 Qc6 22. Rf2 Ra5 23. Rfb2 Ba6 24. Qd2 Rb5 25. Nc3 Rxb3 26. axb3 Rb8 27. d4 h6 28. h3 Rb4 29. dxc5 Qxc5+ 30. Kh2 Rd4 31. Qe3 Qb4 32. Na2 Qb6 33. Rd2 Rb4 34. Qxb6 Rxb6 35. Rb2 Bc4 36. Nc1 f6 37. Kg3 fxe5 38. fxe5 Rb4 39. Kf2 Kf7 40. Ke1 Ke7 41. Kd2 Ba6 42. Kc3 Re4 43. Nd3 Re3 44. Rd2 Bxd3 45. Rxd3 Rxe5 46. Kb4 Kd6 47. Rc3 d4 48. Rc1 Re2 49. Kc4 e5 50. b4 Rxg2 51. b5 Rb2 52. h4 Ke6 53. Rg1 Rc2+ 54. Kb3 Rc3+ 55. Kb4 Kf6 56. b6 Rc8 57. h5 e4 58. b7 Rb8 59. Kc4 d3 60. Kd4 Rxb7 61. Kxe4 d2 62. Rg6+ Kf7 63. Rd6 Rb5 64. Rd7+ Kf6 65. Rd6+ Kg5 66. Rxd2 Kxh5 67. Rh2+ Kg5 68. Rg2+ Kf6 69. Rf2+ Kg6 0-1